MAHARASHTRA DISTRICTS - Statistics

General Stats
  • This quiz has been taken 760 times
  • The average score is 26 of 35
Answer Stats
Answer % Correct
MUMBAI CITY
97%
POONA
96%
NAGPUR
91%
THANE
91%
KOLHAPUR
88%
NASHIK
88%
AURANGABAD
87%
SOLAPUR
86%
RATNAGIRI
83%
SATARA
83%
AKOLA
79%
AHMEDNAGAR
77%
AMRAVATI
77%
SANGLI
77%
RAIGAD
76%
NANDED
75%
BID
74%
LATUR
73%
SINDHUDURG
73%
JALGAON
72%
DHULE
71%
GADCHIROLI
70%
YAVATMAL
70%
OSMANABAD
69%
CHANDRAPUR
67%
PALGHAR
67%
NANDURBAR
65%
JALNA
64%
WARDHA
64%
WASHIM
64%
BULDHANA
63%
HINGOLI
62%
GONDIYA
61%
BHANDARA
60%
PARBHANI
58%
No matching quizzes found
Score Distribution
Percent of People with Each Score
Percentile by Number Answered
Your Score History
You have not taken this quiz